El Rol de la empresa privada en el desarrollo /

Shranjeno v:
Bibliografske podrobnosti
Autores Corporativos: Instituto Latinoamericano de Investigaciones Sociales, ILDIS
Format: Texto
Izdano: s.l: Offset
Oznake: Označite
Brez oznak, prvi označite!

MARC

LEADER 00000 a a2200000 04500
001 25501
003
040
090 |a 152903  
110 |a Instituto Latinoamericano de Investigaciones Sociales  
245 |a El Rol de la empresa privada en el desarrollo /  |c Instituto Latinoamericano de Investigaciones Sociales  
260 |a s.l:   |b Offset  
300 |a 110 p   |b **no definido**  
710 |a ILDIS  
999 |c 7781  |d 7781